Esperarás y esperarás: trabajo sexual, gobernanza neoliberal y esperanza en Costa Rica /

Αποθηκεύτηκε σε:
Λεπτομέρειες βιβλιογραφικής εγγραφής
Κύριος συγγραφέας: Rivers-Moore, Megan
Μορφή: Βιβλίο
Γλώσσα:Spanish
Ετικέτες: Προσθήκη ετικέτας
Δεν υπάρχουν, Καταχωρήστε ετικέτα πρώτοι!

MARC

LEADER 00000nam a22000007a 4500
003 cru CIDCACS/IIS
005 20210817130045.0
007 ta
008 161130s2015 cr ||||| |||| 00| 0 spa d
040 |c CRAI/IIS  |a CRAI/IIS 
100 1 |a Rivers-Moore, Megan  |9 663 
245 1 |a Esperarás y esperarás:  |b trabajo sexual, gobernanza neoliberal y esperanza en Costa Rica /  |c Megan Rivers-Moore 
300 |a páginas 249-278 
500 |a Colección Centroamérica 
773 0 |0 18765  |9 185  |a Universidad de Costa Rica  |d San José, Costa Rica: Editorial Universidad de Costa Rica, 1974-  |o R17675  |t Anuario de Estudios Centroaméricanos / 
942 |2 ddc  |c PP 
999 |c 18776  |d 18776